|
|
|
|
| LEADER |
03229nam a22005175i 4500 |
| 001 |
978-3-642-17952-5 |
| 003 |
DE-He213 |
| 005 |
20151204150853.0 |
| 007 |
cr nn 008mamaa |
| 008 |
120113s2012 gw | s |||| 0|eng d |
| 020 |
|
|
|a 9783642179525
|9 978-3-642-17952-5
|
| 024 |
7 |
|
|a 10.1007/978-3-642-17952-5
|2 doi
|
| 040 |
|
|
|d GrThAP
|
| 050 |
|
4 |
|a QC176-176.9
|
| 072 |
|
7 |
|a PNFS
|2 bicssc
|
| 072 |
|
7 |
|a SCI077000
|2 bisacsh
|
| 082 |
0 |
4 |
|a 530.41
|2 23
|
| 245 |
1 |
4 |
|a The Rudolf Mössbauer Story
|h [electronic resource] :
|b His Scientific Work and Its Impact on Science and History /
|c edited by Michael Kalvius, Paul Kienle.
|
| 264 |
|
1 |
|a Berlin, Heidelberg :
|b Springer Berlin Heidelberg,
|c 2012.
|
| 300 |
|
|
|a XXIV, 436 p.
|b online resource.
|
| 336 |
|
|
|a text
|b txt
|2 rdacontent
|
| 337 |
|
|
|a computer
|b c
|2 rdamedia
|
| 338 |
|
|
|a online resource
|b cr
|2 rdacarrier
|
| 347 |
|
|
|a text file
|b PDF
|2 rda
|
| 505 |
0 |
|
|a How the Mössbauer Story started in Munich -- Discovery of the Mössbauer-Effect and its Early History -- Discovery of the Recoil Free Resonance Absorption of Gamma-Rays -- The Iridium and Early Iron Age -- Identification of Hyperfine Interactions in the Mössbauer Spectra -- Other Important Mössbauer Transitions -- CALTECH Years of Rudolf Mössbauer -- Selected Highlights of Mössbauer Spectroscopy -- Determination of the Nuclear Parameters of Many Mössbauer-Transitions -- Isomer Shifts in Solid State Chemistry -- Internal Fields -- Time-Dependent Effect -- Medical and Biological Applications -- Relativistic Effects -- Mössbauer Effect with Synchrotron Radiation -- Outlook -- Mössbauer Effect with Neutrinos -- Dreams with Synchrotron Radiation -- Neutrino Oscillations - The Second Love of Mössbauer -- The “Second Mössbauer Effect”.
|
| 520 |
|
|
|a The “Rudolf Mössbauer Story” recounts the history of the discovery of the “Mössbauer Effect” in 1958 by Rudolf Mössbauer as a graduate student of Heinz Maier-Leibnitz for which he received the Nobel Prize in 1961 when he was 32 years old. The development of numerous applications of the Mössbauer Effect in many fields of sciences , such as physics, chemistry, biology and medicine is reviewed by experts who contributed to this wide spread research. In 1978 Mössbauer focused his research interest on a new field “Neutrino Oscillations” and later on the study of the properties of the neutrinos emitted by the sun.
|
| 650 |
|
0 |
|a Physics.
|
| 650 |
|
0 |
|a Physical chemistry.
|
| 650 |
|
0 |
|a Solid state physics.
|
| 650 |
|
0 |
|a Physical measurements.
|
| 650 |
|
0 |
|a Measurement.
|
| 650 |
|
0 |
|a Popular works.
|
| 650 |
1 |
4 |
|a Physics.
|
| 650 |
2 |
4 |
|a Solid State Physics.
|
| 650 |
2 |
4 |
|a History and Philosophical Foundations of Physics.
|
| 650 |
2 |
4 |
|a Physical Chemistry.
|
| 650 |
2 |
4 |
|a Measurement Science and Instrumentation.
|
| 650 |
2 |
4 |
|a Popular Science, general.
|
| 700 |
1 |
|
|a Kalvius, Michael.
|e editor.
|
| 700 |
1 |
|
|a Kienle, Paul.
|e editor.
|
| 710 |
2 |
|
|a SpringerLink (Online service)
|
| 773 |
0 |
|
|t Springer eBooks
|
| 776 |
0 |
8 |
|i Printed edition:
|z 9783642179518
|
| 856 |
4 |
0 |
|u http://dx.doi.org/10.1007/978-3-642-17952-5
|z Full Text via HEAL-Link
|
| 912 |
|
|
|a ZDB-2-PHA
|
| 950 |
|
|
|a Physics and Astronomy (Springer-11651)
|